000 01035cam a22003377a 4500
003 CHAP
005 20220817043229.0
008 971013s1989 r 00010 d
010 _a69100
011 _a70072
035 _a79552
040 _cCHAP
082 _a634.90915
_bF3
110 _aFAO
245 0 _aArid zone forestry
_b: a guide for field technicians
260 _aRome :
_bFAO,
_c1989
300 _a143 p.
_b: ilus.
490 0 _aFAO. Guías de conservación
_v; 20
590 _aBATCH-UPD
_b10
_c20130110
_lUCH01
_h1602
590 _aBATCH-UPD
_b10
_c20130410
_lUCH01
_h0959
590 _aBATCH-UPD
_b10
_c20130914
_lUCH01
_h1548
590 _aCONVERSION
_b10
_c20130109
_lUCH01
_h1338
650 1 4 _aPropagación de árboles.
650 1 4 _aRegiones áridas.
_995669
650 1 4 _aRegiones áridas
_xBosques.
_995675
650 1 4 _aViveros forestales.
_9120100
830 0 _aFAO. Guías de conservación
_v; 20
_939581
901 _aBK
942 _cLIBRO
949 _a634.90915 F3
_bBC
_cFAO
_d-32441
_eFAO1
_h75752
_i79552
_si
999 _c69100
_d69100